Tennis - Le top 20 du classement ATP au 1er janvier 2010 - Statistiques

Statistiques générales
  • Ce quiz a été pris 23 fois
  • Le résultat moyen est 13 sur 20
Statistiques - réponses
Rang Joueur Pays Âge Points % Correct
3 Novak Djokovic Serbie 22 8 310
100%
2 Rafael Nadal Espagne 23 9 205
100%
1 Roger Federer Suisse 28 10 550
100%
4 Andy Murray Royaume-Uni 22 7 030
95%
13 Gael Monfils France 23 2 610
90%
10 Jo-Wilfried Tsonga France 24 2 875
90%
5 Juan Martin Del Potro Argentine 21 6 785
86%
7 Andy Roddick États-Unis 27 4 410
81%
15 Gilles Simon France 25 2 275
81%
17 David Ferrer Espagne 27 1 870
76%
20 Tomas Berdych Tchéquie 24 1 655
76%
14 Marin Cilic Croatie 21 2 430
71%
8 Robin Soderling Suède 25 3 410
52%
16 Tommy Robredo Espagne 27 2 175
43%
9 Fernando Verdasco Espagne 26 3 300
38%
18 Tommy Haas Allemagne 31 1 855
33%
19 Mikhail Youzhny Russie 27 1 690
29%
6 Nikolay Davydenko Russie 28 4 930
29%
11 Fernando Gonzalez Chili 29 2 870
19%
12 Radek Stepanek Tchéquie 31 2 625
10%
Aucun quiz correspondant
Distribution des résultats
% des personnes avec chaque résultat
Percentile par nombre de réponses
Votre historique - résultats
Vous n’avez pas pris ce quiz